ბათუმის შოთა რუსთაველის სახელმწიფო უნივერსიტეტის ბიბლიოთეკა

სამხრეთ–დასავლეთ საქართველოს ძეგლები. XIII. (ბიბ.ჩანაწერი № 36528)

000 -LEADER
fixed length control field 00710nam a2200205Ia 4500
001 - CONTROL NUMBER
control field 2446
003 - CONTROL NUMBER IDENTIFIER
control field GE_BSU
008 - FIXED-LENGTH DATA ELEMENTS--GENERAL INFORMATION
fixed length control field 181216s||||||||xx |||||||||||||| ||und||
040 ## - CATALOGING SOURCE
Transcribing agency GE_BSU
080 ## - UNIVERSAL DECIMAL CLASSIFICATION NUMBER
Universal Decimal Classification number 902.2(479.223)+904(479.223)
245 ## - TITLE STATEMENT
Title სამხრეთ–დასავლეთ საქართველოს ძეგლები. XIII.
245 ## - TITLE STATEMENT
Statement of responsibility, etc. [რედ. ლ. ხახუტაიშვილი]
260 ## - PUBLICATION, DISTRIBUTION, ETC.
Place of publication, distribution, etc. თბილისი
260 ## - PUBLICATION, DISTRIBUTION, ETC.
Name of publisher, distributor, etc. მეცნიერება
260 ## - PUBLICATION, DISTRIBUTION, ETC.
Date of publication, distribution, etc. 1985
300 ## - PHYSICAL DESCRIPTION
Extent 120 გვ.
653 ## - INDEX TERM--UNCONTROLLED
Uncontrolled term სამხრეთ–დასავლეთ საქართველოს ძეგლები
942 ## - ADDED ENTRY ELEMENTS (KOHA)
Koha item type წიგნი
ეგზემპლარები
Withdrawn status Lost status Damaged status Not for loan Date acquired Barcode Date last seen Price effective from Koha item type
        2018-12-17 930 2018-12-17 2018-12-17 წიგნი